Hubungan tekanan kerja dengan kepuasan kerja dalam kalangan guru-guru sains dan matematik di sekolah menengah Daerah Kuala Langat /
محفوظ في:
| المؤلف الرئيسي: | |
|---|---|
| التنسيق: | أطروحة كتاب |
| اللغة: | Malay |
| منشور في: |
2009.
|
| الوسوم: |
إضافة وسم
لا توجد وسوم, كن أول من يضع وسما على هذه التسجيلة!
|
| LEADER | 00970cam a2200241 i 4500 | ||
|---|---|---|---|
| 001 | u1115548 | ||
| 003 | SIRSI | ||
| 005 | 201905241037 | ||
| 008 | 190524s2009 my a m 000 0 may | ||
| 040 | |a UMD |e rda | ||
| 100 | 0 | |a Mail Vahanam Arumugan. | |
| 245 | 1 | 0 | |a Hubungan tekanan kerja dengan kepuasan kerja dalam kalangan guru-guru sains dan matematik di sekolah menengah Daerah Kuala Langat / |c Mail Vahanam Arumugan. |
| 264 | 1 | |c 2009. | |
| 264 | 4 | |c 2009. | |
| 300 | |a ix, 110 leaves : |b illustrations ; |c 30 cm. | ||
| 502 | |b M.Ed.EP. |c Jabatan Psikologi Dan Kaunseling, Fakulti Pendidikan, Universiti Malaya |d 2009. | ||
| 504 | |a Bibliography: leaves 106-110. | ||
| 710 | 2 | |a Universiti Malaya. |b Jabatan Psikologi Pendidikan dan Kaunseling. |e degree granting institutions. | |
| 336 | |a text$2rdacontent | ||
| 337 | |a unmediated$2rdamedia | ||
| 338 | |a volume$2rdacarrier | ||
| 596 | |a 8 | ||
| 999 | |a LB7 A8 UM 2009 MAI |w LC |c 1 |i A517751055 |l STACKS |m P08PENDIDI |r Y |s Y |t TESIS |u 19/5/2022 | ||
